000 00783nas a2200253 4500
001 BR9001886
003 BR-BrBNA
005 20231205091841.0
007 ta
008 230509b bl.|||p| |||| 00| 00por d
040 _aBR-BrBNA
_bpor
_cBiblioteca Nacional de Agricultura
041 _a(Pt)
072 _aF30
100 1 _aSchreiner, H.G.
245 1 _aTolerancia de quatro gramineas forrageiras a diferentes graus de sombreamento
650 _aCAPIM BRACHIARIA
650 _aCAPIM PANGOLA
650 _aCAPIM PENSACOLA
650 _aCOMPORTAMENTO DE VARIEDADE
650 _aSOMBREAMENTO
773 0 _tBoletim de Pesquisa Florestal (Brazil)
_xISSN 0101-1057
_g(Dec 1987), (no. 15) p. 61-72
_wBR9001886
909 _a202311
_bLúcia
_c55
_dLúcia Elande
942 _2AGRIS
_n0
_cANA
999 _c127741
_d127741